Zlatá prilba SNP do Maďarska

Bibliographic Details
Format: Article
Language:Slovak
ISSN:0139-7001
Subjects:

MARC

LEADER 00000nab a2200000 a 4500
001 vtls000804327
003 SK-MaSNL
005 20260302151534.0
008 180206c2002 xo 0 slo
015 |a SNBRB2002/09-26679 
035 |a CLN000155982 
040 |a SNKBUCL  |b slo  |c SNKBUCL  |e AACR2 
041 0 |a slo 
044 |a xo  |c SK 
080 |a 796.61.093.53.093.1  |2 UDC-MRF-SK2 
245 0 0 |a Zlatá prilba SNP do Maďarska 
611 1 7 |a Zlatá prilba SNP  |d 2002  |c Žarnovica, Slovensko  |2 snkbucl  |9 843254 
650 0 7 |a cestná cyklistika  |2 snkbucl  |9 75789 
655 7 |a články z novín a časopisov  |2 snkbucl  |9 267496 
773 0 |x 0139-7001  |t Šport  |g Roč. 56, č. 198 (26.8.2002), s. 5 
850 |a Slovenská národná knižnica v Martine 
852 |a SNK  |b KIS3GCP 
958 |a RBX 
999 |c 1360141  |d 1362071